ARRUPE JESUIT UNIVERSITY

CORONAVIRUS -STOP THE SPREAD - CLEAN,DISINFECT,COVER

Victoria and her daughters (Record no. 130246)

MARC details
000 -LEADER
fixed length control field 01592cam a2200373 4500
001 - CONTROL NUMBER
control field 3127787
003 - CONTROL NUMBER IDENTIFIER
control field ARRUPE
005 - DATE AND TIME OF LATEST TRANSACTION
control field 20200131113453.0
008 - FIXED-LENGTH DATA ELEMENTS--GENERAL INFORMATION
fixed length control field 711227s1971 nyua b 001 0ceng
010 ## - LIBRARY OF CONGRESS CONTROL NUMBER
LC control number 70162796
020 ## - INTERNATIONAL STANDARD BOOK NUMBER
International Standard Book Number 0393054454
040 ## - CATALOGING SOURCE
Original cataloging agency DLC
Transcribing agency DLC
Modifying agency DLC
043 ## - GEOGRAPHIC AREA CODE
Geographic area code e-uk---
050 00 - LIBRARY OF CONGRESS CALL NUMBER
Classification number DA554
Item number .E68 1971b
082 00 - DEWEY DECIMAL CLASSIFICATION NUMBER
Classification number 941.081/0922
-- B
300 ## - PHYSICAL DESCRIPTION
Other physical details illus.
Dimensions 22 cm.
100 1# - MAIN ENTRY--PERSONAL NAME
Personal name Epton, Nina.
9 (RLIN) 49231
245 10 - TITLE STATEMENT
Title Victoria and her daughters
Statement of responsibility, etc [by] Nina Epton.
260 ## - PUBLICATION, DISTRIBUTION, ETC. (IMPRINT)
Place of publication, distribution, etc London,
Name of publisher, distributor, etc Weidenfeld and Nicolson
Date of publication, distribution, etc [1971]
300 ## - PHYSICAL DESCRIPTION
Extent 252 p.
504 ## - BIBLIOGRAPHY, ETC. NOTE
Bibliography, etc Bibliography: p. 241-244.
600 00 - SUBJECT ADDED ENTRY--PERSONAL NAME
Personal name Victoria,
Titles and other words associated with a name Queen of Great Britain,
Dates associated with a name 1819-1901
General subdivision Family.
9 (RLIN) 49112
600 00 - SUBJECT ADDED ENTRY--PERSONAL NAME
Personal name Victoria,
Titles and other words associated with a name Empress, consort of Frederick III, German Emperor,
Dates associated with a name 1840-1901.
9 (RLIN) 49129
600 00 - SUBJECT ADDED ENTRY--PERSONAL NAME
Personal name Alice,
Titles and other words associated with a name Grand Duchess, consort of Ludwig IV, Grand Duke of Hesse-Darmstadt,
Dates associated with a name 1843-1878.
9 (RLIN) 49232
600 00 - SUBJECT ADDED ENTRY--PERSONAL NAME
Personal name Helena Augusta Victoria,
Titles and other words associated with a name Princess Christian of Schleswig-Holstein,
Dates associated with a name 1846-1923.
9 (RLIN) 49233
600 00 - SUBJECT ADDED ENTRY--PERSONAL NAME
Personal name Louise,
Titles and other words associated with a name Princess, Duchess of Argyll,
Dates associated with a name 1848-1939.
9 (RLIN) 49234
600 00 - SUBJECT ADDED ENTRY--PERSONAL NAME
Personal name Beatrice,
Titles and other words associated with a name Princess Henry of Battenberg,
Dates associated with a name 1857-1944.
9 (RLIN) 49235
650 #0 - SUBJECT ADDED ENTRY--TOPICAL TERM
Topical term or geographic name as entry element Marriages of royalty and nobility
Geographic subdivision Great Britain
General subdivision History
Chronological subdivision 19th century.
9 (RLIN) 49236
650 #0 - SUBJECT ADDED ENTRY--TOPICAL TERM
Topical term or geographic name as entry element Mothers and daughters
Geographic subdivision Great Britain
General subdivision History
Chronological subdivision 19th century.
9 (RLIN) 49237
650 #0 - SUBJECT ADDED ENTRY--TOPICAL TERM
Topical term or geographic name as entry element Princesses
Geographic subdivision Great Britain
Form subdivision Biography.
9 (RLIN) 48969
650 #0 - SUBJECT ADDED ENTRY--TOPICAL TERM
Topical term or geographic name as entry element Queens
Geographic subdivision Great Britain
Form subdivision Biography.
9 (RLIN) 49238
651 #0 - SUBJECT ADDED ENTRY--GEOGRAPHIC NAME
Geographic name Great Britain
General subdivision History
Chronological subdivision Victoria, 1837-1901
Form subdivision Biography.
9 (RLIN) 49239
906 ## - LOCAL DATA ELEMENT F, LDF (RLIN)
a 7
b cbc
c orignew
d 2
e ncip
f 19
g y-gencatlg
942 ## - ADDED ENTRY ELEMENTS (KOHA)
Source of classification or shelving scheme Library of Congress Classification
Koha item type Monograph ( Printed materials)
Holdings
Withdrawn status Lost status Source of classification or shelving scheme Damaged status Not for loan Collection code Home library Current library Shelving location Date acquired Total Checkouts Full call number Barcode Date last seen Price effective from Koha item type
    Library of Congress Classification     Main Collection ARRUPE LIBRARY ARRUPE LIBRARY Main Collection 31/01/2020   DA554 .E68 1971b 46600006610 31/01/2020 31/01/2020 Monograph ( Printed materials)

 

Arrupe Library. PO Box MP320 Mt Pleasant, Harare, Zimbabwe
263 242 745411|librarian@aju.ac.zw